000 01624nam a2200337 a 4500
001 ebr10001771
003 CaPaEBR
006 m u
007 cr cn|||||||||
008 000803s2001 nyua sb 001 0 eng
010 _z 00010766
020 _z0801438128 (acid-free paper)
040 _aCaPaEBR
_cCaPaEBR
035 _a(OCoLC)70763792
050 1 4 _aJK31
_b.K47 2001eb
082 0 4 _a320.54/0973/09033
_221
100 1 _aKersh, Rogan.
245 1 0 _aDreams of a more perfect union
_h[electronic resource] /
_cRogan Kersh.
260 _aIthaca :
_bCornell University Press,
_cc2001.
300 _axi, 358 p. :
_bill.
504 _aIncludes bibliographical references (p. 311-349) and index.
505 0 _aThe rhetorical genesis of American political union -- A theory of political union emerges, 1780s-1820s -- National unity and nation-building, 1820s-1850s -- Conceiving a more moral union, 1850s-1865 -- The terms of reunion -- The ends of union, 1877-1898.
533 _aElectronic reproduction.
_bPalo Alto, Calif. :
_cebrary,
_d2013.
_nAvailable via World Wide Web.
_nAccess may be limited to ebrary affiliated libraries.
650 0 _aNationalism
_zUnited States
_xHistory
_y18th century.
650 0 _aNationalism
_zUnited States
_xHistory
_y19th century.
651 0 _aUnited States
_xPolitics and government
_y18th century.
651 0 _aUnited States
_xPolitics and government
_y19th century.
655 7 _aElectronic books.
_2local
710 2 _aebrary, Inc.
856 4 0 _uhttp://site.ebrary.com/lib/rucke/Doc?id=10001771
_zAn electronic book accessible through the World Wide Web; click to view
999 _c4769
_d4769